| 000 | 02082cam a22002294a 4500 | ||
|---|---|---|---|
| 005 | 20250605164034.0 | ||
| 008 | 250528s ||||||||||||||||||||||||d | ||
| 035 | _a16742 | ||
| 020 | _a333154932 | ||
| 040 |
_aGR-AtMCL _bgre _dGR-AtMCL _eAACR2 |
||
| 245 | 1 | _aA History of Greece / To the Death of Alexander the Great | |
| 250 | _a4th | ||
| 260 |
_bMacmillan Press Ltd, _c1975 |
||
| 300 | _a582 | ||
| 505 | 0 | _aGreece and the Aegean, The Beginnings of Greece and the Heroic Age, The Expansion of Greece, The Growth of Sparta and the Fall of Aristocracies, The Union of Attica and the Foundation of the Athenian Democracy, Growth of Athens in the Sixth Century, The Advance of Persia to the Aegean, The Perils of Greece and the Persian and Punic Invasions, The Foundation of the Athenian Empire, The Athenian Empire under the Guidance of Pericles, The War of Athens with the Peloponnesians, The Decline and Downfall of the Athenian Empire, The Spartan Supremacy and the Persian War, The Revival of Athens and Her Second League, The Hegemony of Thebes, The Syracusan Empire and the Struggle with Carthage, Rise of Macedonia, The Conquest of Persia, The Conquest of the Far East. | |
| 520 | _aGreece and the Aegean, The Beginnings of Greece and the Heroic Age, The Expansion of Greece, The Growth of Sparta and the Fall of Aristocracies, The Union of Attica and the Foundation of the Athenian Democracy, Growth of Athens in the Sixth Century, The Advance of Persia to the Aegean, The Perils of Greece and the Persian and Punic Invasions, The Foundation of the Athenian Empire, The Athenian Empire under the Guidance of Pericles, The War of Athens with the Peloponnesians, The Decline and Downfall of the Athenian Empire, The Spartan Supremacy and the Persian War, The Revival of Athens and Her Second League, The Hegemony of Thebes, The Syracusan Empire and the Struggle with Carthage, Rise of Macedonia, The Conquest of Persia, The Conquest of the Far East. | ||
| 700 | 1 |
_aBury J.B _92831 |
|
| 700 | 1 |
_aMeiggs Russell _92832 |
|
| 942 | _cBK | ||
| 999 |
_c2212 _d2212 |
||